书目信息 |
| 题名: |
数字电子技术
|
|
| 作者: | 梅开乡 , 郭颖 主编 | |
| 分册: | ||
| 出版信息: | 北京 北京大学出版社 2008.01 |
|
| 页数: | 10, 355页 | |
| 开本: | 26cm | |
| 丛书名: | 21世纪全国应用型本科电子通信系列实用规划教材 | |
| 单 册: | ||
| 中图分类: | TN79 | |
| 科图分类: | ||
| 主题词: | 数字电路--shu zi dian lu--电子技术--高等学校--教材 | |
| 电子资源: | ||
| ISBN: | 978-7-301-11504-6 | |
| 000 | 01109nam 2200277 450 | |
| 001 | 012008595382 | |
| 005 | 20080616163806.03 | |
| 010 | @a978-7-301-11504-6@dCNY35.00 | |
| 100 | @a20080613d2008 em y0chiy0120 ea | |
| 101 | 0 | @achi |
| 102 | @aCN@b110000 | |
| 105 | @aa a 000yy | |
| 106 | @ar | |
| 200 | 1 | @a数字电子技术@Ashu zi dian zi ji shu@f梅开乡, 郭颖主编@Fmei kai xiang,guo ying zhu bian |
| 210 | @a北京@c北京大学出版社@d2008.01 | |
| 215 | @a10, 355页@c图@d26cm | |
| 225 | 2 | @a21世纪全国应用型本科电子通信系列实用规划教材@A21 shi ji quan guo ying yong xing ben ke dian zi tong xin xi lie shi yong gui hua jiao cai |
| 320 | @a有书目 | |
| 330 | @a本书主要内容有数字逻辑基础、集成门电路、组合逻辑电路、触发器、时序逻辑电路、半导体存储器和可编程逻辑器件、脉动产生和整形电路、D/A和A/D转换器。 | |
| 410 | 0 | @12001 @a21世纪全国应用型本科电子通信系列实用规划教材 |
| 606 | 0 | @a数字电路@Ashu zi dian lu@x电子技术@x高等学校@j教材 |
| 690 | @aTN79@v4 | |
| 701 | 0 | @a梅开乡@Amei kai xiang@4主编 |
| 701 | 0 | @a郭颖@Aguo ying@4主编 |
| 801 | 0 | @aCN@bQSSK@c20080616 |
| 905 | @b727090-91@dTN79@eM442@f2 | |
| 数字电子技术/梅开乡, 郭颖主编.-北京:北京大学出版社,2008.01 |
| 10, 355页:图;26cm.-(21世纪全国应用型本科电子通信系列实用规划教材) |
| ISBN 978-7-301-11504-6:CNY35.00 |
| 本书主要内容有数字逻辑基础、集成门电路、组合逻辑电路、触发器、时序逻辑电路、半导体存储器和可编程逻辑器件、脉动产生和整形电路、D/A和A/D转换器。 |
| ● |
| 相关链接 |
|
|
|
正题名:数字电子技术
索取号:TN79/M442
 
预约/预借
| 序号 | 登录号 | 条形码 | 馆藏地/架位号 | 状态 | 备注 |
| 1 | 727090 | 207270905 | 自科库301/301自科库 32排2列5层/ [索取号:TN79/M442] | 在馆 | |
| 2 | 727091 | 207270914 | 自科库301/301自科库 32排2列5层/ [索取号:TN79/M442] | 在馆 |